000 01285nam a2200313Ia 4500
001 ebr10687681
003 CaPaEBR
006 m u
007 cr cn|||||||||
008 130306s2013 ne s 000 0 eng d
020 _z9789462091504
020 _z9789462091528
040 _aCaPaEBR
_cCaPaEBR
035 _a(OCoLC)829102614
050 1 4 _aLB43
_b.H86 2013eb
245 0 0 _aHuman rights in the field of comparative education
_h[electronic resource] /
_cedited by Heidi Biseth and Halla B. Holmarsdottir.
260 _aRotterdam ;
_aBoston :
_bSensePublishers,
_cc2013.
300 _aix, 176 p.
490 1 _aComparative and international education ;
_vv.21
533 _aElectronic reproduction.
_bPalo Alto, Calif. :
_cebrary,
_d2013.
_nAvailable via World Wide Web.
_nAccess may be limited to ebrary affiliated libraries.
650 0 _aComparative education.
650 0 _aHuman rights
_xStudy and teaching.
655 7 _aElectronic books.
_2local
700 1 _aBiseth, Heidi.
700 1 _aHolmarsdottir, Halla B.
710 2 _aebrary, Inc.
830 0 _aComparative and international education (Sense Publishers) ;
_vv.21.
856 4 0 _uhttp://site.ebrary.com/lib/rucke/Doc?id=10687681
_zAn electronic book accessible through the World Wide Web; click to view
999 _c11999
_d11999